Kreovanie finančnej situácie účtovnej jednotky prostredníctvom nástrojov bilančnej politiky

Stručná informácia o projekte, ciele projektu.

Salvato in:
Dettagli Bibliografici
Autore principale: Šlosárová, Anna
Natura: Capitolo di libro
Lingua:slovacco
Soggetti:
Tags: Aggiungi Tag
Nessun Tag, puoi essere il primo ad aggiungerne!!

MARC

LEADER 00000naa$a2200000$$$4500
001 0198364
005 20240502073342.5
041 0 |a slo 
044 |a SK 
245 1 0 |a Kreovanie finančnej situácie účtovnej jednotky prostredníctvom nástrojov bilančnej politiky  |c Anna Šlosárová 
520 |a Stručná informácia o projekte, ciele projektu. 
610 2 0 |a jednotka účtovná 
610 2 0 |a situácia finančná podniku 
610 2 0 |a politika bilančná 
610 2 0 |a účtovníctvo 
610 2 0 |a oceňovanie 
610 2 0 |a metódy účtovné 
100 1 |a Šlosárová, Anna